| 000 | 00000nas 2200000za 4500 |
| 001 | 9.852740 |
| 003 | CaOODSP |
| 005 | 20221107154645 |
| 007 | cr ||||||||||| |
| 008 | 180302d19851991onchr p o f0 b0fre|d |
| 022 | |y1701-848X |
| 040 | |aCaOODSP|bfre |
| 043 | |an-cn--- |
| 086 | 1 |aIN3-16/7-1F-PDF |
| 245 | 00|aRégime de pensions des juges de nomination fédérale |h[ressource électronique] : |brapport actuariel (y compris le certifcat de cout) au ... |
| 260 | |a[Ottawa] : |bBureau du surintendant des institutions financières, Bureau de l'actuaire en chef, |c[1985-1991] |
| 310 | |aTriennal |
| 362 | 0 |a31 déc.1985-31 déc.1991. |
| 500 | |aPubl. aussi en anglais sous le titre : Actuarial report as at ... , pension plan for federally appointed judges. |
| 500 | |aTitre de la couv. |
| 692 | 07|2gccst|aJuge |
| 710 | 1 |aCanada. |bBureau du surintendant des institutions financières Canada. |bBureau de l'actuaire en chef. |
| 775 | 08|tPension plan for federally appointed judges |w(CaOODSP)9.852737 |
| 785 | 00|tRapport actuariel au ..., régime de pensions des juges de nomination fédérale |w(CaOODSP)9.502598 |